Les films Disney les plus vus en France - Statistiques

Statistiques générales
  • Ce quiz a été pris 8 356 fois
  • Le résultat moyen est 7 sur 15
Statistiques - réponses
Année de sortie (France) Entrées au cinéma (en millions) Film % Correct
1938 18,3 Blanche-Neige et les Sept Nains
95%
1950 12,9 Cendrillon
86%
1994 10,7 Le Roi Lion
69%
1992 7,2 Aladdin
54%
1942 10,6 Bambi
50%
1940 7,8 Pinocchio
50%
1953 7,2 Peter Pan
49%
1955 11,2 La Belle et le Clochard
44%
1967 14,7 Le Livre de la Jungle
42%
1970 12,5 Les Aristochats
40%
1961 14,6 Les 101 Dalmatiens
38%
1999 7,9 Tarzan
34%
1977 7,2 Les Aventures de Bernard et Bianca
31%
1996 6,8 Le Bossu de Notre-Dame
28%
1981 6,7 Rox et Rouky
26%
Aucun quiz correspondant
Distribution des résultats
% des personnes avec chaque résultat
Percentile par nombre de réponses
Votre historique - résultats
Vous n’avez pas pris ce quiz